Countries Jimmy Carter has visited - Statistics

General Stats
  • This quiz has been taken 90 times
  • The average score is 20 of 25
Answer Stats
Continent Country % Correct
South America Brazil
95%
Europe France
95%
Europe Spain
95%
Europe United Kingdom
95%
Asia Japan
92%
Europe West Germany
92%
Asia India
89%
North America Mexico
89%
Europe Italy
88%
Africa Egypt
87%
Europe Switzerland
83%
South America Venezuela
83%
Europe Austria
81%
Europe Belgium
81%
Europe Portugal
81%
Asia South Korea
81%
Asia Israel
80%
Europe Poland
80%
Asia Iran
76%
Europe Vatican City
72%
North America Panama
71%
Africa Nigeria
69%
Asia Saudi Arabia
63%
Europe Yugoslavia
53%
Africa Liberia
43%
No matching quizzes found
Score Distribution
Percent of People with Each Score
Percentile by Number Answered
Your Score History
You have not taken this quiz